[Event "80th ARM-ch 1st League 2019"]
[Site "Yerevan"]
[Date "2019.08.21"]
[Round "4.3"]
[White "Sargsyan, Shant"]
[Black "Baghdasaryan, Vahe"]
[Result "1-0"]
[WhiteElo "2540"]
[BlackElo "2373"]
[Annotator "ChessBase"]
[PlyCount "115"]
[EventDate "2019.08.18"]
[EventType "tourn"]
[EventCountry "ARM"]
[SourceTitle "playchess.com"]
[Source "ChessBase"]
[SourceQuality "1"]
[TimeControl "40/5400+30:1800+30"]

1. d4 {[%emt 0:01:53]} d5 {[%emt 0:00:00]} 2. c4 {[%emt 0:00:54]} c6 {[%emt 0:00:00]} 3. cxd5 {[%emt 0:00:32]} cxd5 {[%emt 0:00:00]} 4. Bf4 {[%emt 0:00:17]} Nc6 {[%emt 0:00:25]} 5. e3 {[%emt 0:00:13]} Nf6 {[%emt 0:01:29]} 6. Nc3 {[%emt 0:00:36]} Bf5 {[%emt 0:01:32]} 7. Nf3 {[%emt 0:01:48]} e6 {[%emt 0:04:05]} 8. Be2 {[%emt 0:00:22]} Bb4 {[%emt 0:03:47]} 9. O-O {[%emt 0:01:08]} Bxc3 {[%emt 0:05:01]} 10. bxc3 {[%emt 0:00:10]} Ne4 {[%emt 0:00:05]} 11. Qb3 {[%emt 0:07:13]} O-O {[%emt 0:02:02]} 12. Qxb7 {[%emt 0:03:32]} Nxc3 {[%emt 0:00:15]} 13. Ba6 {[%emt 0:00:29]} Na5 {[%emt 0:00:05]} 14. Qc7 {[%emt 0:01:18]} Nc4 {[%emt 0:00:28]} 15. Rfe1 {[%emt 0:04:29]} Bd3 {[%emt 0:05:26]} 16. Kh1 {[%emt 0:06:02]} Ne4 {[%emt 0:03:51]} 17. Kg1 {[%emt 0:08:53]} Nc3 {[%emt 0:21:28]} 18. a4 {[%emt 0:04:07]} Ne2+ {[%emt 0:06:25]} 19. Kh1 {[%emt 0:00:06]} Nxf4 {[%emt 0:00:08]} 20. Qxf4 {[%emt 0:00:22]} Nb2 21. Ra2 {[%emt 0:00:56]} Bxa6 {[%emt 0:04:28]} 22. Rxb2 {[%emt 0:00:01]} Qa5 {[%emt 0:02:27]} 23. h4 {[%emt 0:03:17]} Rac8 {[%emt 0:08:54]} 24. Ra1 {[%emt 0:04:55]} Qc7 {[%emt 0:05:05]} 25. Qe5 {[%emt 0:06:16]} Qc3 {[%emt 0:01:31]} 26. Rba2 {[%emt 0:02:29]} Bc4 {[%emt 0:00:37]} 27. Ra3 {[%emt 0:00:07]} Qb2 {[%emt 0:00:09]} 28. Qg3 {[%emt 0:01:25]} Bb3 {[%emt 0:05:23]} 29. Kh2 {[%emt 0:02:15]} Rc2 {[%emt 0:01:56]} 30. Ne5 {[%emt 0:01:12]} Bc4 {[%emt 0:03:36]} 31. h5 {[%emt 0:04:32]} h6 {[%emt 0:01:57]} 32. Ng4 {[%emt 0:01:27]} f5 {[%emt 0:07:27]} 33. Nxh6+ {[%emt 0:00:51]} Kh8 {[%emt 0:00:01]} 34. Qd6 {[%emt 0:01:07]} Qb8 {[%emt 0:00:34]} 35. Nf7+ {[%emt 0:01:03]} Kg8 {[%emt 0:00:08]} 36. Qxb8 {[%emt 0:01:07]} Rxb8 {[%emt 0:00:01]} 37. Ng5 {[%emt 0:01:06]} e5 {[%emt 0:05:52]} 38. dxe5 {[%emt 0:02:42]} Rxf2 {[%emt 0:00:05]} 39. Nh3 {[%emt 0:01:04]} Rd2 {[%emt 0:00:08]} 40. Nf4 {[%emt 0:00:00]} Re8 {[%emt 0:00:00]} 41. e6 {[%emt 0:05:25]} d4 {[%emt 0:09:04]} 42. Re1 {[%emt 0:02:49]} Bxe6 {[%emt 0:03:36]} 43. exd4 {[%emt 0:00:09]} Bd7 {[%emt 0:00:07]} 44. Rxe8+ {[%emt 0:01:57]} Bxe8 {[%emt 0:00:15]} 45. d5 {[%emt 0:00:21]} Rd4 {[%emt 0:03:16]} 46. Kg3 {[%emt 0:00:21]} Bf7 {[%emt 0:05:25]} 47. Rc3 {[%emt 0:01:46]} Rxa4 {[%emt 0:02:27]} 48. Rc8+ {[%emt 0:04:38]} Kh7 {[%emt 0:00:05]} 49. Rc7 {[%emt 0:02:06]} Bg8 {[%emt 0:05:25]} 50. d6 {[%emt 0:01:35]} Rd4 {[%emt 0:00:06]} 51. d7 {[%emt 0:00:12]} Bb3 {[%emt 0:07:02]} 52. Rxa7 {[%emt 0:01:14]} Kh6 {[%emt 0:00:05]} 53. Ra3 {[%emt 0:02:02]} Bc2 {[%emt 0:00:47]} 54. Ra6+ {[%emt 0:00:07]} g6 {[%emt 0:01:11]} 55. Rxg6+ {[%emt 0:00:16]} Kh7 {[%emt 0:00:01]} 56. Ne6 {[%emt 0:00:15]} f4+ {[%emt 0:00:36]} 57. Kh2 {[%emt 0:00:34]} Rxd7 {[%emt 0:01:40]} 58. Nf8+ {[%emt 0:00:06]} 1-0

[Event "80th ARM-ch 1st League 2019"]
[Site "Yerevan"]
[Date "2019.08.21"]
[Round "4.4"]
[White "Davtyan, Artur"]
[Black "Mikaelyan, Arman"]
[Result "1/2-1/2"]
[WhiteElo "2440"]
[BlackElo "2454"]
[Annotator "TA"]
[PlyCount "40"]
[EventDate "2019.08.18"]
[EventType "tourn"]
[EventCountry "ARM"]
[SourceTitle "playchess.com"]
[Source "ChessBase"]
[SourceQuality "1"]

{[%evp 28,40,65,29,33,0,0,0,0,0,0,0,0,0,0]} 1. d4 d5 2. c4 c6 3. Nf3 $146 ({Predecessor:} 3. Nc3 e6 4. Nf3 {½-½ (22) Svidler,P (2740)-Lu,S (2595) Ningbo 2015}) 3... Nf6 4. Nc3 e6 5. Bg5 dxc4 6. e4 b5 7. e5 h6 8. Bh4 g5 9. Nxg5 hxg5 10. Bxg5 Be7 11. exf6 Bxf6 12. Bxf6 Qxf6 13. g3 Na6 14. Bg2 Bb7 15. Nxb5 O-O-O {D44: Semi-Slav: Botvinnik System} 16. Qa4 cxb5 {The position is equal.} 17. Bxb7+ Kxb7 18. Qxb5+ Ka8 {[#] Hoping for ...Qf3.} 19. Qc6+ ({Avoid the trap} 19. Qxa6 $2 Qf3 $19) 19... Kb8 {And now ...Nb4 would win.} 20. Qb5+ $1 Ka8 1/2-1/2

[Event "80th ARM-ch 1st League 2019"]
[Site "Yerevan"]
[Date "2019.08.21"]
[Round "4.5"]
[White "Harutjunyan, Gevorg"]
[Black "Gharibyan, Mamikon"]
[Result "1/2-1/2"]
[WhiteElo "2455"]
[BlackElo "2365"]
[Annotator "ChessBase"]
[PlyCount "49"]
[EventDate "2019.08.18"]
[EventType "tourn"]
[EventCountry "ARM"]
[SourceTitle "playchess.com"]
[Source "ChessBase"]
[SourceQuality "1"]
[TimeControl "40/5400+30:1800+30"]

1. e4 {[%emt 0:00:00]} e5 {[%emt 0:01:04]} 2. Nc3 {[%emt 0:00:00]} Nf6 {[%emt 0:00:56]} 3. f4 {[%emt 0:00:00]} d5 {[%emt 0:02:13]} 4. fxe5 {[%emt 0:00:05]} Nxe4 {[%emt 0:00:31]} 5. d3 {[%emt 0:01:50]} Nxc3 {[%emt 0:03:41]} 6. bxc3 {[%emt 0:00:05]} c5 {[%emt 0:10:11]} 7. Nf3 {[%emt 0:02:29]} Nc6 {[%emt 0:01:43]} 8. Be2 {[%emt 0:01:47]} Be7 {[%emt 0:05:20]} 9. O-O {[%emt 0:02:52]} O-O {[%emt 0:08:11]} 10. Bf4 {[%emt 0:13:18]} f6 {[%emt 0:03:47]} 11. d4 {[%emt 0:08:00]} Bf5 {[%emt 0:03:42]} 12. Rb1 {[%emt 0:03:28]} Qd7 {[%emt 0:04:58]} 13. exf6 {[%emt 0:02:39]} Rxf6 {[%emt 0:07:12]} 14. Ne5 {[%emt 0:16:19]} Nxe5 {[%emt 0:00:14]} 15. Bxe5 {[%emt 0:00:41]} Rff8 {[%emt 0:02:31]} 16. Bf3 {[%emt 0:10:21]} b6 {[%emt 0:11:10]} 17. c4 {[%emt 0:06:07]} Be4 {[%emt 0:00:54]} 18. Bxe4 {[%emt 0:13:00]} dxe4 {[%emt 0:00:05]} 19. c3 {[%emt 0:00:52]} Bd6 {[%emt 0:08:53]} 20. Re1 {[%emt 0:04:38]} Bxe5 {[%emt 0:05:43]} 21. dxe5 {[%emt 0:00:08]} Qd3 {[%emt 0:00:27]} 22. Qxd3 {[%emt 0:03:05]} exd3 {[%emt 0:00:08]} 23. Rbd1 {[%emt 0:00:14]} Rad8 {[%emt 0:00:17]} 24. e6 {[%emt 0:02:07]} Rfe8 {[%emt 0:00:53]} 25. Re3 {[%emt 0:01:06]} 1/2-1/2

[Event "80th ARM-ch 1st League 2019"]
[Site "Yerevan"]
[Date "2019.08.21"]
[Round "4.6"]
[White "Harutyunian, Tigran K."]
[Black "Torosyan, Norayr"]
[Result "1/2-1/2"]
[WhiteElo "2555"]
[BlackElo "2365"]
[Annotator "ChessBase"]
[PlyCount "78"]
[EventDate "2019.08.18"]
[EventType "tourn"]
[EventCountry "ARM"]
[SourceTitle "playchess.com"]
[Source "ChessBase"]
[SourceQuality "1"]
[TimeControl "40/5400+30:1800+30"]

1. d4 {[%emt 0:01:04]} Nf6 {[%emt 0:00:00]} 2. Nf3 {[%emt 0:00:15]} g6 {[%emt 0:00:00]} 3. e3 {[%emt 0:00:45]} Bg7 {[%emt 0:01:21]} 4. Be2 {[%emt 0:00:19]} O-O {[%emt 0:00:36]} 5. O-O {[%emt 0:00:10]} d6 {[%emt 0:02:54]} 6. b3 {[%emt 0:00:26]} Nc6 {[%emt 0:03:00]} 7. Bb2 {[%emt 0:01:26]} Bf5 {[%emt 0:02:15]} 8. c4 {[%emt 0:03:25]} e5 {[%emt 0:01:46]} 9. d5 {[%emt 0:04:19]} Nb4 {[%emt 0:17:45]} 10. a3 {[%emt 0:01:33]} Nc2 {[%emt 0:00:04]} 11. Ra2 {[%emt 0:01:32]} Ng4 {[%emt 0:00:05]} 12. Bc1 {[%emt 0:51:19]} e4 {[%emt 0:03:56]} 13. Ne1 {[%emt 0:05:18]} Nxe1 {[%emt 0:06:50]} 14. Qxe1 {[%emt 0:00:09]} Qg5 {[%emt 0:08:42]} 15. Kh1 {[%emt 0:01:46]} Rae8 {[%emt 0:07:01]} 16. Bb2 {[%emt 0:03:03]} Bxb2 {[%emt 0:07:14]} 17. Rxb2 {[%emt 0:00:15]} Qh6 {[%emt 0:00:25]} 18. Bxg4 {[%emt 0:02:34]} Bxg4 {[%emt 0:00:09]} 19. Qa5 {[%emt 0:00:32]} Re7 {[%emt 0:11:41]} 20. Nd2 {[%emt 0:00:45]} Be2 {[%emt 0:07:38]} 21. Re1 {[%emt 0:00:21]} Bd3 {[%emt 0:00:04]} 22. Nf1 {[%emt 0:01:55]} b6 {[%emt 0:01:10]} 23. Qc3 {[%emt 0:00:20]} Bxf1 {[%emt 0:02:40]} 24. Rxf1 {[%emt 0:00:02]} Re5 {[%emt 0:00:07]} 25. h3 {[%emt 0:03:19]} Rfe8 {[%emt 0:01:05]} 26. Kh2 {[%emt 0:03:03]} Qh4 {[%emt 0:05:00]} 27. b4 {[%emt 0:00:44]} Rf5 {[%emt 0:03:00]} 28. c5 {[%emt 0:00:52]} dxc5 {[%emt 0:01:41]} 29. Rd1 {[%emt 0:00:54]} Qe7 {[%emt 0:02:49]} 30. bxc5 {[%emt 0:00:09]} bxc5 {[%emt 0:00:09]} 31. Rc2 {[%emt 0:03:22]} Qd6+ {[%emt 0:02:39]} 32. Kg1 {[%emt 0:00:02]} Rxd5 {[%emt 0:00:07]} 33. Rxd5 {[%emt 0:00:19]} Qxd5 {[%emt 0:00:03]} 34. Qxc5 {[%emt 0:00:06]} Qxc5 {[%emt 0:00:22]} 35. Rxc5 {[%emt 0:00:02]} Rc8 {[%emt 0:00:19]} 36. Ra5 {[%emt 0:01:14]} c5 {[%emt 0:01:18]} 37. Rxa7 {[%emt 0:00:16]} c4 {[%emt 0:00:05]} 38. Rb7 {[%emt 0:00:43]} c3 {[%emt 0:00:17]} 39. Rb1 {[%emt 0:00:06]} Ra8 {[%emt 0:00:49]} 1/2-1/2

[Event "80th ARM-ch 1st League 2019"]
[Site "Yerevan"]
[Date "2019.08.21"]
[Round "4.7"]
[White "Hoghmrtsyan, Artur"]
[Black "Khojayan, Vardan"]
[Result "0-1"]
[WhiteElo "2317"]
[BlackElo "2236"]
[Annotator "NA"]
[PlyCount "60"]
[EventDate "2019.08.18"]
[EventType "tourn"]
[EventCountry "ARM"]
[SourceTitle "playchess.com"]
[Source "ChessBase"]
[SourceQuality "1"]
[TimeControl "40/5400+30:1800+30"]

1. d4 {[%emt 0:07:39]} Nf6 {[%emt 0:00:00]} 2. Nf3 {[%emt 0:00:07]} e6 {[%emt 0:00:00]} 3. g3 {[%emt 0:00:05]} b6 {[%emt 0:01:53]} 4. Bg2 {[%emt 0:00:09]} Bb7 {[%emt 0:00:05]} 5. c4 {[%emt 0:00:35]} Be7 {[%emt 0:01:23]} 6. O-O {[%emt 0:00:12]} O-O {[%emt 0:00:05]} 7. b3 {[%emt 0:00:39]} d5 {[%emt 0:03:03]} 8. cxd5 {[%emt 0:01:16]} Nxd5 {[%emt 0:06:36]} 9. Bb2 {[%emt 0:03:02]} c5 {[%emt 0:01:50]} 10. e4 {[%emt 0:14:55]} Nf6 {[%emt 0:02:38]} 11. e5 {[%emt 0:01:10]} Nfd7 {[%emt 0:20:11]} 12. Nc3 {[%emt 0:08:54]} cxd4 $14 {[%emt 0:07:00]} 13. Qxd4 {[%emt 0:01:50]} Nc6 {[%emt 0:05:29]} 14. Qe3 {[%emt 0:08:25]} Bc5 {[%emt 0:09:12]} 15. Qf4 {[%emt 0:03:33]} Ne7 {[%emt 0:06:10]} 16. Ne4 {[%emt 0:04:42]} Ng6 {[%emt 0:02:34]} 17. Qg4 {[%emt 0:00:11]} Qb8 {[%emt 0:02:34]} 18. Rad1 {[%emt 0:10:12]} Bd5 {[%emt 0:03:10]} 19. Rfe1 {[%emt 0:13:49]} Rd8 {[%emt 0:05:04]} 20. h4 {[%emt 0:03:27]} Be7 {[%emt 0:00:47]} 21. Neg5 {[%emt 0:02:40]} Bxg5 {[%emt 0:02:06]} 22. Nxg5 {[%emt 0:02:31]} Bxg2 {[%emt 0:02:20]} 23. Kxg2 {[%emt 0:00:47]} Qb7+ {[%emt 0:00:25]} 24. Kg1 {[%emt 0:00:37]} Nc5 {[%emt 0:05:27]} 25. h5 {[%emt 0:00:21]} Ne7 {[%emt 0:00:05]} 26. h6 {[%emt 0:04:35]} Nf5 {[%emt 0:00:01]} 27. hxg7 {[%emt 0:00:15]} h6 {[%emt 0:00:09]} 28. Rxd8+ {[%emt 0:01:19]} Rxd8 {[%emt 0:00:15]} 29. Nh3 {[%emt 0:00:43]} Nd3 {[%emt 0:04:21]} 30. Re2 {[%emt 0:01:44]} Nf4 {[%emt 0:02:23]} 0-1

[Event "80th ARM-ch 1st League 2019"]
[Site "Yerevan"]
[Date "2019.08.22"]
[Round "5.1"]
[White "Gharibyan, Mamikon"]
[Black "Chaqryan, Erik"]
[Result "1-0"]
[WhiteElo "2365"]
[BlackElo "2105"]
[Annotator "NA"]
[PlyCount "147"]
[EventDate "2019.08.18"]
[EventType "tourn"]
[EventCountry "ARM"]
[SourceTitle "playchess.com"]
[Source "ChessBase"]
[SourceQuality "1"]
[TimeControl "40/5400+30:1800+30"]

1. e4 {[%emt 0:00:00]} c5 {[%emt 0:00:35]} 2. Nf3 {[%emt 0:02:49]} d6 {[%emt 0:00:29]} 3. Bb5+ {[%emt 0:05:58]} Bd7 {[%emt 0:03:34]} 4. a4 {[%emt 0:02:12]} Nc6 {[%emt 0:02:33]} 5. O-O {[%emt 0:01:46]} g6 {[%emt 0:05:19]} 6. Re1 {[%emt 0:04:30]} Bg7 {[%emt 0:03:34]} 7. c3 {[%emt 0:02:14]} Nf6 {[%emt 0:02:13]} 8. h3 {[%emt 0:03:44]} O-O {[%emt 0:03:39]} 9. d4 {[%emt 0:01:25]} cxd4 {[%emt 0:03:22]} 10. cxd4 {[%emt 0:00:41]} a6 {[%emt 0:02:59]} 11. Bf1 {[%emt 0:02:48]} d5 {[%emt 0:12:01]} 12. e5 {[%emt 0:00:45]} Ne4 {[%emt 0:00:08]} 13. Nc3 {[%emt 0:01:59]} Bf5 {[%emt 0:00:45]} 14. Qb3 {[%emt 0:03:36]} Be6 {[%emt 0:14:54]} 15. Bf4 {[%emt 0:09:38]} h6 {[%emt 0:17:19]} 16. Rad1 {[%emt 0:06:14]} Na5 {[%emt 0:02:47]} 17. Qb4 {[%emt 0:01:51]} Nxc3 {[%emt 0:01:14]} 18. bxc3 {[%emt 0:01:00]} Rc8 {[%emt 0:01:15]} 19. Bd3 {[%emt 0:01:41]} Rc6 {[%emt 0:01:44]} 20. Rb1 {[%emt 0:18:57]} Qc7 {[%emt 0:00:30]} 21. Rec1 {[%emt 0:00:51]} Rc8 {[%emt 0:05:15]} 22. Bd2 {[%emt 0:00:30]} Bf5 {[%emt 0:00:58]} 23. Bxf5 {[%emt 0:00:51]} gxf5 {[%emt 0:00:01]} 24. Qb2 {[%emt 0:03:34]} Rc4 {[%emt 0:02:30]} 25. e6 {[%emt 0:02:50]} fxe6 {[%emt 0:00:56]} 26. Re1 {[%emt 0:01:25]} Rc6 {[%emt 0:01:16]} 27. Qc1 {[%emt 0:02:56]} Kh7 {[%emt 0:01:24]} 28. Bf4 {[%emt 0:05:30]} Qd7 {[%emt 0:01:13]} 29. Rb2 {[%emt 0:04:41]} Rxc3 {[%emt 0:04:30]} 30. Qb1 {[%emt 0:00:05]} Rxf3 {[%emt 0:02:06]} 31. gxf3 {[%emt 0:00:06]} Bxd4 {[%emt 0:01:17]} 32. Rbe2 {[%emt 0:00:41]} Rc6 {[%emt 0:00:34]} 33. Kh2 {[%emt 0:00:51]} Kg8 {[%emt 0:02:45]} 34. Rg1+ {[%emt 0:02:06]} Kf7 {[%emt 0:00:04]} 35. Qf1 {[%emt 0:00:38]} Qc8 {[%emt 0:00:54]} 36. Bxh6 {[%emt 0:02:11]} Qc7+ {[%emt 0:00:43]} 37. Kh1 {[%emt 0:01:24]} Ke8 {[%emt 0:00:20]} 38. Qg2 {[%emt 0:01:00]} Kd7 {[%emt 0:00:13]} 39. h4 {[%emt 0:01:20]} Qd6 {[%emt 0:00:54]} 40. f4 {[%emt 0:00:00]} Rc8 {[%emt 0:00:00]} 41. Rge1 {[%emt 0:05:24]} Bc3 {[%emt 0:18:47]} 42. Rxe6 {[%emt 0:02:04]} Qxe6 {[%emt 0:01:30]} 43. Rxe6 {[%emt 0:00:06]} Kxe6 {[%emt 0:00:02]} 44. Qf3 {[%emt 0:02:53]} Bd4 {[%emt 0:08:39]} 45. Qe2+ {[%emt 0:04:24]} Kd6 {[%emt 0:00:15]} 46. Kg2 {[%emt 0:00:44]} Bh8 {[%emt 0:01:17]} 47. Qd3 {[%emt 0:03:01]} Nc6 {[%emt 0:02:43]} 48. Qxf5 {[%emt 0:00:48]} Rg8+ {[%emt 0:00:40]} 49. Bg5 {[%emt 0:01:36]} Bc3 {[%emt 0:00:16]} 50. h5 {[%emt 0:01:28]} b5 {[%emt 0:00:25]} 51. axb5 {[%emt 0:01:20]} axb5 {[%emt 0:00:01]} 52. Qf7 {[%emt 0:01:39]} Rh8 {[%emt 0:01:25]} 53. f5 {[%emt 0:03:32]} b4 {[%emt 0:01:07]} 54. f6 {[%emt 0:05:53]} b3 {[%emt 0:00:22]} 55. Bf4+ {[%emt 0:03:01]} Kc5 {[%emt 0:00:35]} 56. Be3+ {[%emt 0:00:28]} Kc4 {[%emt 0:00:36]} 57. fxe7 {[%emt 0:00:23]} b2 {[%emt 0:00:25]} 58. e8=Q {[%emt 0:01:06]} Rxe8 {[%emt 0:00:05]} 59. Qxe8 {[%emt 0:00:03]} Nb4 {[%emt 0:00:50]} 60. Qg6 {[%emt 0:00:01]} Kb3 {[%emt 0:00:35]} 61. Qb1 {[%emt 0:00:30]} Nc2 {[%emt 0:00:31]} 62. Bc1 {[%emt 0:01:09]} Na3 {[%emt 0:00:17]} 63. Qxb2+ {[%emt 0:00:13]} Bxb2 {[%emt 0:00:05]} 64. Bxb2 {[%emt 0:00:01]} Kxb2 {[%emt 0:00:08]} 65. h6 {[%emt 0:00:04]} d4 {[%emt 0:00:08]} 66. h7 {[%emt 0:00:03]} d3 {[%emt 0:00:16]} 67. h8=Q+ {[%emt 0:00:04]} Kc2 {[%emt 0:00:20]} 68. Qc8+ {[%emt 0:00:28]} Kb2 {[%emt 0:00:41]} 69. Qd7 {[%emt 0:00:36]} Kc3 {[%emt 0:00:17]} 70. Qc6+ {[%emt 0:00:46]} Nc4 {[%emt 0:00:11]} 71. Kf1 {[%emt 0:00:34]} Kd4 {[%emt 0:00:50]} 72. Ke1 {[%emt 0:00:32]} Ne5 {[%emt 0:00:47]} 73. Qd6+ {[%emt 0:00:04]} Ke4 {[%emt 0:00:04]} 74. Qc5 {[%emt 0:00:31]} 1-0

[Event "80th ARM-ch 1st League 2019"]
[Site "Yerevan"]
[Date "2019.08.22"]
[Round "5.2"]
[White "Hayrapetyan, Hovik"]
[Black "Hoghmrtsyan, Artur"]
[Result "1/2-1/2"]
[WhiteElo "2453"]
[BlackElo "2317"]
[Annotator "ChessBase"]
[PlyCount "87"]
[EventDate "2019.08.18"]
[EventType "tourn"]
[EventCountry "ARM"]
[SourceTitle "playchess.com"]
[Source "ChessBase"]
[SourceQuality "1"]
[TimeControl "40/5400+30:1800+30"]

1. Nf3 {[%emt 0:00:00]} Nf6 {[%emt 0:00:00]} 2. c4 {[%emt 0:00:00]} e6 {[%emt 0:00:00]} 3. d4 {[%emt 0:00:49]} d5 {[%emt 0:00:00]} 4. Nc3 {[%emt 0:00:06]} Be7 {[%emt 0:00:02]} 5. Bg5 {[%emt 0:03:35]} h6 {[%emt 0:00:20]} 6. Bh4 {[%emt 0:00:16]} O-O {[%emt 0:00:08]} 7. e3 {[%emt 0:00:09]} b6 {[%emt 0:00:22]} 8. cxd5 {[%emt 0:04:49]} exd5 {[%emt 0:02:45]} 9. Bd3 {[%emt 0:00:27]} Bb7 {[%emt 0:01:06]} 10. Qc2 {[%emt 0:07:44]} c5 {[%emt 0:05:21]} 11. Rd1 {[%emt 0:09:04]} Nbd7 {[%emt 0:17:01]} 12. O-O {[%emt 0:00:09]} a6 {[%emt 0:09:06]} 13. Bf5 {[%emt 0:07:12]} Re8 {[%emt 0:06:05]} 14. Ne5 {[%emt 0:14:39]} Nf8 {[%emt 0:03:04]} 15. f4 {[%emt 0:03:39]} Qc7 {[%emt 0:04:00]} 16. Rd2 {[%emt 0:07:27]} b5 {[%emt 0:10:19]} 17. Bxf6 {[%emt 0:09:44]} Bxf6 {[%emt 0:00:22]} 18. Ng4 {[%emt 0:00:08]} Be7 {[%emt 0:04:36]} 19. dxc5 {[%emt 0:00:27]} h5 {[%emt 0:05:01]} 20. Nf2 {[%emt 0:09:08]} Qxc5 {[%emt 0:04:34]} 21. Nxd5 {[%emt 0:01:47]} Bxd5 {[%emt 0:00:15]} 22. Qxc5 {[%emt 0:00:02]} Bxc5 {[%emt 0:00:06]} 23. Rxd5 {[%emt 0:00:02]} Bxe3 {[%emt 0:00:07]} 24. g3 {[%emt 0:00:04]} g6 {[%emt 0:00:27]} 25. Bh3 {[%emt 0:02:45]} Bb6 {[%emt 0:02:01]} 26. Rd6 {[%emt 0:02:14]} Rab8 {[%emt 0:00:26]} 27. Rd2 {[%emt 0:04:16]} a5 {[%emt 0:07:34]} 28. Rfd1 {[%emt 0:00:22]} Re7 {[%emt 0:03:47]} 29. Kf1 {[%emt 0:01:10]} Rbe8 {[%emt 0:10:18]} 30. Nd3 {[%emt 0:01:29]} Bd4 {[%emt 0:01:36]} 31. Ne1 {[%emt 0:00:59]} Bf6 {[%emt 0:00:26]} 32. Nf3 {[%emt 0:00:56]} b4 {[%emt 0:00:35]} 33. Nd4 {[%emt 0:00:18]} Rc7 {[%emt 0:01:49]} 34. Nb5 {[%emt 0:00:36]} Rc5 {[%emt 0:00:26]} 35. Nd6 {[%emt 0:00:10]} Re7 {[%emt 0:00:15]} 36. Bg2 {[%emt 0:00:15]} Bg7 {[%emt 0:00:25]} 37. Bd5 {[%emt 0:05:52]} Nh7 {[%emt 0:00:55]} 38. Bb3 {[%emt 0:02:42]} Nf6 {[%emt 0:00:12]} 39. Re2 {[%emt 0:02:06]} Rd7 {[%emt 0:00:51]} 40. Rdd2 {[%emt 0:00:00]} Rcc7 {[%emt 0:00:00]} 41. Re5 {[%emt 0:15:22]} Bf8 {[%emt 0:05:05]} 42. Nc4 {[%emt 0:06:50]} Rxc4 {[%emt 0:00:49]} 43. Rxd7 {[%emt 0:00:03]} Nxd7 {[%emt 0:00:05]} 44. Bxc4 {[%emt 0:00:04]} 1/2-1/2

[Event "80th ARM-ch 1st League 2019"]
[Site "Yerevan"]
[Date "2019.08.22"]
[Round "5.3"]
[White "Khojayan, Vardan"]
[Black "Sargsyan, Shant"]
[Result "0-1"]
[WhiteElo "2236"]
[BlackElo "2540"]
[Annotator "ChessBase"]
[PlyCount "70"]
[EventDate "2019.08.18"]
[EventType "tourn"]
[EventCountry "ARM"]
[SourceTitle "playchess.com"]
[Source "ChessBase"]
[SourceQuality "1"]
[TimeControl "40/5400+30:1800+30"]

1. Nf3 {[%emt 0:00:00]} Nf6 {[%emt 0:00:59]} 2. g3 {[%emt 0:01:30]} g6 {[%emt 0:00:35]} 3. Bg2 {[%emt 0:00:11]} Bg7 {[%emt 0:00:23]} 4. O-O {[%emt 0:01:13]} O-O {[%emt 0:01:55]} 5. c4 {[%emt 0:01:21]} d6 {[%emt 0:00:28]} 6. Nc3 {[%emt 0:00:40]} e5 {[%emt 0:01:27]} 7. d3 {[%emt 0:00:33]} Nc6 {[%emt 0:01:59]} 8. Rb1 {[%emt 0:00:29]} a5 {[%emt 0:01:52]} 9. a3 {[%emt 0:00:31]} Bg4 {[%emt 0:07:45]} 10. h3 {[%emt 0:03:50]} Bf5 {[%emt 0:01:48]} 11. e4 {[%emt 0:18:13]} Be6 {[%emt 0:02:25]} 12. b4 {[%emt 0:05:08]} axb4 {[%emt 0:00:09]} 13. axb4 {[%emt 0:00:04]} h6 {[%emt 0:01:23]} 14. Nd5 {[%emt 0:01:57]} Nd7 {[%emt 0:01:25]} 15. Be3 {[%emt 0:05:09]} Kh7 {[%emt 0:02:58]} 16. Qc1 {[%emt 0:17:50]} f5 {[%emt 0:07:48]} 17. b5 {[%emt 0:07:34]} fxe4 {[%emt 0:07:46]} 18. Ng5+ {[%emt 0:07:33]} hxg5 {[%emt 0:01:36]} 19. bxc6 {[%emt 0:00:17]} bxc6 {[%emt 0:02:01]} 20. Nb4 {[%emt 0:00:45]} c5 {[%emt 0:04:26]} 21. Bxg5 {[%emt 0:08:52]} Qe8 {[%emt 0:01:45]} 22. Nd5 {[%emt 0:01:07]} Bxd5 {[%emt 0:00:37]} 23. cxd5 {[%emt 0:00:04]} exd3 {[%emt 0:00:05]} 24. Qc4 {[%emt 0:02:05]} e4 {[%emt 0:01:31]} 25. Rfe1 {[%emt 0:03:57]} Bd4 {[%emt 0:10:02]} 26. Rxe4 {[%emt 0:03:03]} Ne5 {[%emt 0:00:28]} 27. Qc1 {[%emt 0:00:05]} Ra2 {[%emt 0:01:16]} 28. Be3 {[%emt 0:01:40]} Rc2 {[%emt 0:02:59]} 29. Qe1 {[%emt 0:02:06]} Bxe3 {[%emt 0:01:40]} 30. Qxe3 {[%emt 0:00:08]} Rfxf2 {[%emt 0:00:25]} 31. Bh1 {[%emt 0:01:07]} Kg7 {[%emt 0:08:18]} 32. Qxd3 {[%emt 0:00:53]} Qf7 {[%emt 0:05:19]} 33. Qe3 {[%emt 0:01:06]} Qxd5 {[%emt 0:01:20]} 34. Rf4 {[%emt 0:02:31]} Rg2+ {[%emt 0:00:24]} 35. Kf1 {[%emt 0:00:04]} Qa2 {[%emt 0:06:25]} 0-1

[Event "80th ARM-ch 1st League 2019"]
[Site "Yerevan"]
[Date "2019.08.22"]
[Round "5.4"]
[White "Mikaelyan, Arman"]
[Black "Harutjunyan, Gevorg"]
[Result "1/2-1/2"]
[WhiteElo "2454"]
[BlackElo "2455"]
[Annotator "ChessBase"]
[PlyCount "50"]
[EventDate "2019.08.18"]
[EventType "tourn"]
[EventCountry "ARM"]
[SourceTitle "playchess.com"]
[Source "ChessBase"]
[SourceQuality "1"]
[TimeControl "40/5400+30:1800+30"]

1. e4 {[%emt 0:04:07]} c6 {[%emt 0:00:34]} 2. d4 {[%emt 0:00:48]} d5 {[%emt 0:00:13]} 3. exd5 {[%emt 0:00:12]} cxd5 {[%emt 0:00:06]} 4. Bd3 {[%emt 0:00:05]} Nc6 {[%emt 0:00:32]} 5. c3 {[%emt 0:00:08]} Qc7 {[%emt 0:00:23]} 6. Ne2 {[%emt 0:01:21]} e5 {[%emt 0:00:05]} 7. dxe5 {[%emt 0:00:20]} Nxe5 {[%emt 0:00:03]} 8. Bb5+ {[%emt 0:07:34]} Bd7 {[%emt 0:00:18]} 9. Bxd7+ {[%emt 0:00:16]} Qxd7 {[%emt 0:00:06]} 10. O-O {[%emt 0:00:09]} Nf6 {[%emt 0:00:18]} 11. Bf4 {[%emt 0:07:16]} Bd6 {[%emt 0:01:23]} 12. Nd2 {[%emt 0:04:28]} O-O {[%emt 0:18:06]} 13. Nd4 {[%emt 0:00:28]} Rfe8 {[%emt 0:00:43]} 14. N2f3 {[%emt 0:10:09]} Nc4 {[%emt 0:03:28]} 15. Bxd6 {[%emt 0:00:51]} Qxd6 {[%emt 0:00:43]} 16. Qc2 {[%emt 0:03:02]} Rac8 {[%emt 0:05:30]} 17. Rfe1 {[%emt 0:02:33]} Qb6 {[%emt 0:07:23]} 18. Nf5 {[%emt 0:06:55]} Ne4 {[%emt 0:03:45]} 19. Re2 {[%emt 0:01:26]} Qf6 {[%emt 0:08:21]} 20. N3d4 {[%emt 0:16:31]} g6 {[%emt 0:06:28]} 21. Ng3 {[%emt 0:06:38]} Nc5 {[%emt 0:09:16]} 22. Rae1 {[%emt 0:02:19]} Rxe2 {[%emt 0:02:09]} 23. Qxe2 {[%emt 0:04:37]} Ne6 {[%emt 0:01:47]} 24. Qg4 {[%emt 0:04:46]} Ne5 {[%emt 0:04:09]} 25. Qe2 {[%emt 0:03:44]} Nc4 {[%emt 0:01:26]} 1/2-1/2